Conservation of historic buildings (Record no. 102700)

MARC details
000 -LEADER
fixed length control field 01213cam a2200289 4500
008 - FIXED-LENGTH DATA ELEMENTS--GENERAL INFORMATION
fixed length control field #DATE n2003 000 0 eng u
020 ## - INTERNATIONAL STANDARD BOOK NUMBER
International Standard Book Number 0750658630
035 ## - SYSTEM CONTROL NUMBER
System control number (Sirsi) u121670
041 ## - LANGUAGE CODE
Language code of text/sound track or separate title eng
050 ## - LIBRARY OF CONGRESS CALL NUMBER
Classification number 690.241
-- 18
100 ## - MAIN ENTRY--PERSONAL NAME
Personal name Feilden, Bernard M.
245 ## - TITLE STATEMENT
Title Conservation of historic buildings
250 ## - EDITION STATEMENT
Edition statement 3rd ed.
260 ## - PUBLICATION, DISTRIBUTION, ETC.
Place of publication, distribution, etc. Oxford
Name of publisher, distributor, etc. Architectural Press
Date of publication, distribution, etc. 2003
300 ## - PHYSICAL DESCRIPTION
Extent xiv, 388p.
Other physical details ill.
Dimensions 30cm.
350 ## - PRICE (NR) (BK AM CF MU VM SE) [OBSOLETE]
Price 34.99
520 ## - SUMMARY, ETC.
Summary, etc. Third edition of this standard text for architects and others involved in the conservation of historic structures. Covers structural aspects of historic buildings, causes of decay in materials and structure, and the work of the conservation architect. Includes new sections on the conservation of Modern Movement buildings and non-destructive investigation. Bibliography.
520 ## - SUMMARY, ETC.
Summary, etc. Supersedes second edition (ISBN 075061739X).
650 ## - SUBJECT ADDED ENTRY--TOPICAL TERM
Topical term or geographic name entry element ARCHITECTURAL CONSERVATION
650 ## - SUBJECT ADDED ENTRY--TOPICAL TERM
Topical term or geographic name entry element HISTORIC BUILDINGS
650 ## - SUBJECT ADDED ENTRY--TOPICAL TERM
Topical term or geographic name entry element MODERN MOVEMENT
650 ## - SUBJECT ADDED ENTRY--TOPICAL TERM
Topical term or geographic name entry element BUILDING STRUCTURES
650 ## - SUBJECT ADDED ENTRY--TOPICAL TERM
Topical term or geographic name entry element NON-DESTRUCTIVE TECHNIQUES
650 ## - SUBJECT ADDED ENTRY--TOPICAL TERM
Topical term or geographic name entry element DECAY
690 ## - LOCAL SUBJECT ADDED ENTRY--TOPICAL TERM (OCLC, RLIN)
Topical term or geographic name as entry element BUILT ENVIRONMENT-BUILDING MAINTENANCE AND REFURBISHMENT-BUILDING CONSERVATION
942 ## - ADDED ENTRY ELEMENTS (KOHA)
Suppress in OPAC 0
Holdings
Withdrawn status Lost status Source of classification or shelving scheme Damaged status Not for loan Home library Current library Shelving location Date acquired Cost, normal purchase price Total Checkouts Full call number Barcode Date last seen Date last checked out Copy number Cost, replacement price Price effective from Koha item type
    Dewey Decimal Classification     London London Folio 29/08/2003 29.74 36 F690.241 FEI 30067687 06/08/2019 09/11/2009 1 29.74 06/08/2019 Book